Bài giảng văn học dân gian 2
Сохранить в:
| Главный автор: | |
|---|---|
| Формат: | |
| Язык: | Undetermined |
| Опубликовано: |
Cần Thơ
Trường Đại Học Cần Thơ - Khoa Sư Phạm
1999
|
| Предметы: | |
| Метки: |
Добавить метку
Нет меток, Требуется 1-ая метка записи!
|
| Thư viện lưu trữ: | Trung tâm Học liệu Trường Đại học Cần Thơ |
|---|
| LEADER | 00659nam a2200193Ia 4500 | ||
|---|---|---|---|
| 001 | CTU_34853 | ||
| 008 | 210402s9999 xx 000 0 und d | ||
| 020 | |b 5.400đ | ||
| 082 | |a 398.207 | ||
| 082 | |b H300gt | ||
| 100 | |a Lê Thị Diệu Hà | ||
| 245 | 0 | |a Bài giảng văn học dân gian 2 | |
| 245 | 0 | |c Lê Thị Diệu Hà | |
| 260 | |a Cần Thơ | ||
| 260 | |b Trường Đại Học Cần Thơ - Khoa Sư Phạm | ||
| 260 | |c 1999 | ||
| 650 | |a folk literature, vietnamese - outlines, syllabi, etc,vietnamese literature - study and teaching | ||
| 904 | |i Minh, 000112 | ||
| 980 | |a Trung tâm Học liệu Trường Đại học Cần Thơ | ||